Swadhinata sangram aru rajnaitik parikrama. (Record no. 869)
[ view plain ]
| 000 -LEADER | |
|---|---|
| fixed length control field | 00492cam a2200181ua 4500 |
| 008 - FIXED-LENGTH DATA ELEMENTS--GENERAL INFORMATION | |
| fixed length control field | 110423n ii |||gr||||Z||||||eng |
| 040 ## - CATALOGING SOURCE | |
| Transcribing agency | MAIN |
| 082 ## - DEWEY DECIMAL CLASSIFICATION NUMBER | |
| Classification number | 322.4454 |
| 245 1# - TITLE STATEMENT | |
| Title | Swadhinata sangram aru rajnaitik parikrama. |
| Statement of responsibility, etc. | By Chakreswar Saikia. |
| 250 ## - EDITION STATEMENT | |
| Edition statement | 1st. |
| 260 ## - PUBLICATION, DISTRIBUTION, ETC. | |
| Place of publication, distribution, etc. | Dibrugarh.: |
| Name of publisher, distributor, etc. | Banalata.,995. |
| 300 ## - PHYSICAL DESCRIPTION | |
| Extent | 130 p.:2 cm. |
| 700 ## - ADDED ENTRY--PERSONAL NAME | |
| Personal name | Saikia, Chakreswar., |
| 942 ## - ADDED ENTRY ELEMENTS (KOHA) | |
| Koha item type | Books |
| 653 ## - INDEX TERM--UNCONTROLLED | |
| Uncontrolled term | Political science. |
| 653 ## - INDEX TERM--UNCONTROLLED | |
| Uncontrolled term | Swadhinata sangram aru rajnaitik parikrama. |
| Withdrawn status | Lost status | Damaged status | Not for loan | Home library | Current library | Shelving location | Date acquired | Total Checkouts | Full call number | Barcode | Date last seen | Date last checked out | Copy number | Price effective from | Koha item type |
|---|---|---|---|---|---|---|---|---|---|---|---|---|---|---|---|
| Central Library, Naharkatiya College | Central Library, Naharkatiya College | General Stacks | 19/09/2020 | 3 | 322.4454 | SAI | 1083 | 31/10/2022 | 31/10/2022 | 1 | 19/09/2020 | Books | ||||
| Central Library, Naharkatiya College | Central Library, Naharkatiya College | General Stacks | 19/09/2020 | 1 | 322.4454 | SAI | 1084 | 04/11/2022 | 01/11/2022 | 2 | 19/09/2020 | Books |
